Záver

Salvato in:
Dettagli Bibliografici
Autore principale: Gontkovičová, Barbora, 1986-
Natura: Capitolo di libro
Lingua:slovacco
Tags: Aggiungi Tag
Nessun Tag, puoi essere il primo ad aggiungerne!!

MARC

LEADER 00000naa$a2200000$$$4500
001 0281429
005 20240502083905.1
041 0 |a slo 
044 |a PL 
245 1 0 |a Záver  |c Barbora Gontkovičová 
100 1 |a Gontkovičová, Barbora, 1986-